000 00698cab a2200229 4500
001 WB3222-16
008 090401t1996 xxu||||| |||| 00| 0 eng d
035 _a(Sirsi) u20741
041 _aeng
245 _aSites blighted by mustard gas
260 _c1996
350 _a0
490 _aIndependent
_v4 June 1996, 2(1)
520 _aYorkshire Television claims there are over sixty sites across Britain contaminated by mustard gas, that Government have declared `safe` areas. Several are named.
650 _aBLIGHT
650 _aCONTAMINATED LAND
650 _aMUSTARD GAS
650 _aPOLLUTION
690 _aENVIRONMENTAL AND LAND CONSULTANCY
942 _n0
948 _c04/03/1997
999 _c13896
_d13896